[Event "EYCC 2024 - O08"]
[Site "?"]
[Date "2024.08.25"]
[Round "4.1"]
[White "Hanas, Markiyan"]
[Black "Veladzic, Isak"]
[Result "1-0"]
[BlackElo "1788"]
[WhiteElo "1652"]
[LiveChessVersion "1.4.8"]

1. e4 {[%clk 1:30:27]} c6 {[%clk 1:30:30]} 2. Nf3 {[%clk 1:29:44]} d5
{[%clk 1:29:37]} 3. Nc3 {[%clk 1:28:38]} d4 {[%clk 1:23:37]} 4. Ne2
{[%clk 1:25:12]} c5 {[%clk 1:21:05]} 5. c3 {[%clk 1:22:42]} Nc6 {[%clk 1:17:38]}
6. cxd4 {[%clk 1:17:56]} cxd4 {[%clk 1:16:21]} 7. Qa4 {[%clk 1:15:18]} Bd7
{[%clk 1:11:24]} 8. Nexd4 {[%clk 1:12:44]} e5 {[%clk 1:07:07]} 9. Nxc6
{[%clk 1:08:42]} Bxc6 {[%clk 1:07:14]} 10. Bb5 {[%clk 1:07:48]} Ne7
{[%clk 0:57:20]} 11. Nxe5 {[%clk 1:00:36]} Qb6 {[%clk 0:52:12]} 12. Bxc6+
{[%clk 0:57:05]} Nxc6 {[%clk 0:52:30]} 13. Nxc6 {[%clk 0:56:53]} bxc6
{[%clk 0:52:52]} 14. O-O {[%clk 0:56:23]} Bc5 {[%clk 0:51:44]} 15. b3
{[%clk 0:52:24]} Bd4 {[%clk 0:49:53]} 16. Rb1 {[%clk 0:50:39]} O-O
{[%clk 0:48:46]} 17. Ba3 {[%clk 0:47:49]} Rfd8 {[%clk 0:44:39]} 18. Rbc1
{[%clk 0:44:22]} Rac8 {[%clk 0:42:35]} 19. Qb4 {[%clk 0:39:52]} Qa6
{[%clk 0:39:00]} 20. Rc4 {[%clk 0:37:30]} Bb6 {[%clk 0:33:16]} 21. d4
{[%clk 0:32:46]} Rxd4 {[%clk 0:30:44]} 22. Bb2 {[%clk 0:25:35]} Rd7
{[%clk 0:27:26]} 23. Qc3 {[%clk 0:23:00]} f6 {[%clk 0:26:33]} 24. Qh3
{[%clk 0:21:37]} Rcc7 {[%clk 0:21:07]} 25. Qe6+ {[%clk 0:20:47]} Kf8
{[%clk 0:18:34]} 26. e5 {[%clk 0:19:47]} fxe5 {[%clk 0:13:04]} 27. Bxe5
{[%clk 0:18:49]} Rb7 {[%clk 0:08:18]} 28. Rf4+ {[%clk 0:18:46]} Rf7
{[%clk 0:07:55]} 29. Bd6+ {[%clk 0:19:05]} 1-0

[Event "EYCC 2024 - O08"]
[Site "?"]
[Date "2024.08.25"]
[Round "4.2"]
[White "Demchenko, Timofei"]
[Black "Hu, Junyan"]
[Result "1/2-1/2"]
[BlackElo "1720"]
[WhiteElo "1769"]
[LiveChessVersion "1.4.8"]

1. e4 {[%clk 1:30:58]} c5 {[%clk 1:30:59]} 2. Nf3 {[%clk 1:31:15]} e6
{[%clk 1:31:12]} 3. c4 {[%clk 1:31:21]} Nc6 {[%clk 1:30:25]} 4. d4
{[%clk 1:31:13]} cxd4 {[%clk 1:30:07]} 5. Nxd4 {[%clk 1:31:32]} Nf6
{[%clk 1:30:11]} 6. Nc3 {[%clk 1:30:50]} Bb4 {[%clk 1:26:47]} 7. Nxc6
{[%clk 1:28:14]} bxc6 {[%clk 1:26:49]} 8. Bd3 {[%clk 1:26:33]} Qa5
{[%clk 1:24:55]} 9. Bd2 {[%clk 1:22:45]} Qe5 {[%clk 1:18:08]} 10. Qe2
{[%clk 1:03:26]} d5 {[%clk 1:08:54]} 11. exd5 {[%clk 0:50:01]} Qxe2+
{[%clk 1:08:30]} 12. Kxe2 {[%clk 0:49:43]} Bxc3 {[%clk 1:04:46]} 13. Bxc3
{[%clk 0:47:59]} exd5 {[%clk 1:04:58]} 14. Rhe1 {[%clk 0:41:01]} O-O
{[%clk 1:04:16]} 15. Kf1 {[%clk 0:37:22]} Be6 {[%clk 1:03:40]} 16. c5
{[%clk 0:30:52]} Nd7 {[%clk 1:02:55]} 17. b4 Rfd8 {[%clk 1:00:31]} 18. Bd4
{[%clk 0:26:35]} Rab8 {[%clk 0:55:39]} 19. Reb1 {[%clk 0:21:58]} Rdc8
{[%clk 0:55:25]} 20. f4 {[%clk 0:19:55]} f6 {[%clk 0:55:28]} 21. a4
{[%clk 0:19:14]} g6 {[%clk 0:43:18]} 22. Ra3 {[%clk 0:15:15]} Bf5
{[%clk 0:43:04]} 23. Bxf5 {[%clk 0:14:35]} gxf5 {[%clk 0:43:25]} 24. Rc3
{[%clk 0:14:04]} a6 {[%clk 0:42:40]} 25. Rcb3 {[%clk 0:13:02]} Kf7
{[%clk 0:28:55]} 26. Kf2 {[%clk 0:10:37]} Rc7 {[%clk 0:26:34]} 27. h3
{[%clk 0:09:11]} Rcb7 {[%clk 0:25:54]} 28. g4 {[%clk 0:07:35]} fxg4
{[%clk 0:25:00]} 29. hxg4 {[%clk 0:07:49]} Rg8 {[%clk 0:24:35]} 30. Kf3
{[%clk 0:07:47]} Rgb8 {[%clk 0:23:59]} 31. Be3 {[%clk 0:03:57]} Kg6
{[%clk 0:23:32]} 32. Kg3 {[%clk 0:01:47]} Kf7 {[%clk 0:23:38]} 33. Kh4
{[%clk 0:01:54]} Kg6 {[%clk 0:24:01]} 34. Bd4 {[%clk 0:02:00]} Nf8
{[%clk 0:21:46]} 35. f5+ {[%clk 0:01:45]} Kf7 {[%clk 0:21:45]} 36. g5
{[%clk 0:01:37]} fxg5+ {[%clk 0:20:42]} 37. Kxg5 {[%clk 0:01:52]} Nd7
{[%clk 0:20:42]} 38. Kf4 {[%clk 0:01:42]} h5 {[%clk 0:20:34]} 39. R1b2
{[%clk 0:01:02]} h4 {[%clk 0:20:49]} 40. a5 {[%clk 0:00:39]} Re8 {[%clk 0:20:47]}
41. Re3 {[%clk 0:00:48]} Rxe3 {[%clk 0:20:38]} 42. Kxe3 {[%clk 0:00:56]} Rb8
{[%clk 0:21:04]} 43. Kf3 {[%clk 0:00:59]} Rg8 {[%clk 0:20:59]} 44. Rg2
{[%clk 0:01:00]} Rxg2 {[%clk 0:20:16]} 45. Kxg2 {[%clk 0:01:24]} Nf6
{[%clk 0:20:28]} 46. Kh3 {[%clk 0:01:39]} Nh5 {[%clk 0:20:40]} 47. Kxh4
{[%clk 0:01:37]} Nf4 {[%clk 0:21:06]} 48. Be5 {[%clk 0:01:28]} Nd3
{[%clk 0:21:00]} 49. Bc3 {[%clk 0:01:38]} Nf2 {[%clk 0:21:07]} 50. Bd4 1/2-1/2

[Event "EYCC 2024 - O08"]
[Site "?"]
[Date "2024.08.25"]
[Round "4.3"]
[White "Predarski, Stefan"]
[Black "Bartzos, Iasonas"]
[Result "0-1"]
[BlackElo "1583"]
[WhiteElo "1734"]
[LiveChessVersion "1.4.8"]

1. d4 {[%clk 1:30:56]} Nf6 {[%clk 1:30:52]} 2. Nc3 {[%clk 1:30:59]} d5
{[%clk 1:31:07]} 3. Bf4 {[%clk 1:31:00]} g6 {[%clk 1:29:55]} 4. e3
{[%clk 1:29:48]} Bg7 {[%clk 1:29:24]} 5. h4 {[%clk 1:28:20]} h5 {[%clk 1:29:47]}
6. Bd3 {[%clk 1:27:30]} O-O {[%clk 1:26:39]} 7. Nf3 {[%clk 1:25:30]} Bg4
{[%clk 1:13:53]} 8. Qd2 {[%clk 1:22:48]} c6 {[%clk 0:57:13]} 9. O-O-O
{[%clk 1:19:43]} Qa5 {[%clk 0:53:04]} 10. Kb1 {[%clk 1:16:32]} Qd8
{[%clk 0:42:53]} 11. Rdg1 {[%clk 1:12:59]} e6 {[%clk 0:34:27]} 12. Ne5
{[%clk 1:10:53]} Bf5 {[%clk 0:33:47]} 13. Bxf5 {[%clk 1:10:42]} exf5 14. f3
{[%clk 1:07:10]} Nfd7 {[%clk 0:31:39]} 15. Nxd7 {[%clk 1:05:43]} Nxd7
{[%clk 0:31:29]} 16. g4 {[%clk 1:05:37]} fxg4 {[%clk 0:31:28]} 17. fxg4
{[%clk 1:05:50]} Nf6 {[%clk 0:31:26]} 18. Bg5 {[%clk 1:02:21]} hxg4
{[%clk 0:29:43]} 19. Qh2 {[%clk 0:53:41]} Qd7 {[%clk 0:21:11]} 20. Bxf6
{[%clk 0:50:08]} Bxf6 {[%clk 0:21:05]} 21. Qf4 {[%clk 0:49:00]} Qf5
{[%clk 0:17:03]} 22. Qxf5 {[%clk 0:41:32]} gxf5 {[%clk 0:16:25]} 23. Rf1
{[%clk 0:41:49]} Rae8 {[%clk 0:11:08]} 24. Rxf5 {[%clk 0:41:50]} Kg7
{[%clk 0:08:25]} 25. Rg1 {[%clk 0:39:26]} Kg6 {[%clk 0:07:54]} 26. Rf3
{[%clk 0:35:50]} Re6 {[%clk 0:04:52]} 27. Rxg4+ {[%clk 0:35:07]} Kh5
{[%clk 0:03:40]} 28. Rgf4 {[%clk 0:35:26]} Rg8 {[%clk 0:03:23]} 29. a3
{[%clk 0:35:07]} Rg6 {[%clk 0:01:39]} 30. e4 {[%clk 0:33:31]} dxe4
{[%clk 0:01:51]} 31. Nxe4 {[%clk 0:33:11]} Rg1+ {[%clk 0:00:33]} 32. Ka2
{[%clk 0:33:26]} Bxh4 {[%clk 0:00:46]} 33. Rh3 {[%clk 0:33:19]} Rg4
{[%clk 0:01:01]} 34. Nf6+ {[%clk 0:33:12]} Rxf6 {[%clk 0:00:37]} 35. Rxf6
{[%clk 0:33:15]} Rg7 {[%clk 0:00:44]} 36. Rf4 {[%clk 0:33:13]} Rg4
{[%clk 0:00:53]} 37. Rxh4+ {[%clk 0:32:10]} Rxh4 {[%clk 0:01:02]} 38. Rxh4+
{[%clk 0:32:38]} Kxh4 {[%clk 0:01:02]} 39. c4 {[%clk 0:33:05]} f5
{[%clk 0:01:18]} 40. d5 {[%clk 0:33:29]} cxd5 {[%clk 0:01:36]} 41. cxd5
{[%clk 0:33:58]} Kg5 {[%clk 0:01:49]} 42. Kb3 {[%clk 0:34:06]} f4
{[%clk 0:02:09]} 43. Kc3 {[%clk 0:34:29]} Kf5 {[%clk 0:01:57]} 44. Kd4
{[%clk 0:34:36]} f3 {[%clk 0:01:58]} 45. Ke3 {[%clk 0:34:59]} Ke5
{[%clk 0:02:09]} 46. Kxf3 {[%clk 0:35:07]} Kxd5 {[%clk 0:01:19]} 47. Ke3
{[%clk 0:35:18]} Kc4 {[%clk 0:01:23]} 48. Kd2 Kb3 {[%clk 0:01:24]} 49. Kc1
{[%clk 0:36:14]} a5 {[%clk 0:01:14]} 50. Kb1 {[%clk 0:36:39]} b5 {[%clk 0:01:11]}
51. Kc1 {[%clk 0:36:57]} Ka2 {[%clk 0:01:04]} 52. Kc2 {[%clk 0:36:25]} b4
{[%clk 0:00:51]} 53. a4 {[%clk 0:32:35]} Ka1 {[%clk 0:00:50]} 54. Kb3
{[%clk 0:32:40]} Kb1 {[%clk 0:00:52]} 55. Kc4 {[%clk 0:32:54]} Kxb2
{[%clk 0:01:08]} 0-1

[Event "EYCC 2024 - O08"]
[Site "?"]
[Date "2024.08.25"]
[Round "4.5"]
[White "Aker, Meric Zeynel"]
[Black "Li, Sixing"]
[Result "1-0"]
[BlackElo "1607"]
[WhiteElo "1676"]
[LiveChessVersion "1.4.8"]

1. d4 {[%clk 1:30:57]} d5 {[%clk 1:30:59]} 2. c4 {[%clk 1:31:17]} e6
{[%clk 1:31:24]} 3. Nc3 {[%clk 1:31:21]} c5 {[%clk 1:31:39]} 4. cxd5
{[%clk 1:31:31]} exd5 {[%clk 1:31:54]} 5. Nf3 {[%clk 1:31:51]} Nc6
{[%clk 1:32:07]} 6. Bg5 {[%clk 1:32:06]} Be7 {[%clk 1:31:39]} 7. Bxe7
{[%clk 1:32:04]} Ngxe7 {[%clk 1:31:59]} 8. e3 {[%clk 1:31:18]} cxd4
{[%clk 1:31:23]} 9. Nxd4 {[%clk 1:31:24]} O-O {[%clk 1:31:40]} 10. Be2
{[%clk 1:26:03]} Ne5 {[%clk 1:26:33]} 11. O-O {[%clk 1:23:04]} Qb6
{[%clk 1:25:05]} 12. Qc2 {[%clk 1:16:41]} Rd8 {[%clk 1:19:27]} 13. Rfd1
{[%clk 1:11:33]} N7c6 {[%clk 1:16:05]} 14. Nxc6 {[%clk 1:06:57]} bxc6
{[%clk 1:15:44]} 15. Na4 {[%clk 1:04:33]} Qc7 {[%clk 1:12:43]} 16. Rac1
{[%clk 1:03:40]} g6 {[%clk 1:10:35]} 17. Qc3 {[%clk 0:54:49]} Bf5
{[%clk 1:05:06]} 18. f4 {[%clk 0:52:44]} Bg4 {[%clk 1:01:12]} 19. Bxg4
{[%clk 0:52:42]} Nxg4 {[%clk 1:01:08]} 20. h3 {[%clk 0:51:46]} Nh6
{[%clk 1:00:18]} 21. Qxc6 {[%clk 0:49:49]} Qxc6 {[%clk 0:56:16]} 22. Rxc6
{[%clk 0:50:12]} Nf5 {[%clk 0:56:33]} 23. Kf2 {[%clk 0:49:30]} d4
{[%clk 0:54:25]} 24. exd4 {[%clk 0:49:04]} Rxd4 {[%clk 0:54:38]} 25. Rxd4
{[%clk 0:48:31]} Nxd4 {[%clk 0:54:58]} 26. Rc4 {[%clk 0:44:58]} Rd8
{[%clk 0:53:17]} 27. Nc3 {[%clk 0:43:18]} Ne6 {[%clk 0:51:19]} 28. Ke3
{[%clk 0:42:43]} Kg7 {[%clk 0:49:28]} 29. Ra4 {[%clk 0:41:12]} Rb8
{[%clk 0:47:27]} 30. b3 {[%clk 0:38:55]} Ra8 {[%clk 0:46:56]} 31. Nb5
{[%clk 0:35:06]} a6 {[%clk 0:45:11]} 32. Nd4 {[%clk 0:34:52]} Nc5
{[%clk 0:44:24]} 33. Ra5 {[%clk 0:33:38]} Re8+ {[%clk 0:43:23]} 34. Kf3
{[%clk 0:33:11]} Re4 {[%clk 0:43:08]} 35. Nf5+ {[%clk 0:32:25]} gxf5
{[%clk 0:42:05]} 36. Rxc5 {[%clk 0:32:38]} Kg6 {[%clk 0:42:07]} 37. Rc6+
{[%clk 0:33:06]} Re6 {[%clk 0:42:03]} 38. Rxe6+ {[%clk 0:33:31]} fxe6
{[%clk 0:42:01]} 39. b4 {[%clk 0:34:01]} Kf7 {[%clk 0:40:50]} 40. a4
{[%clk 0:34:26]} Ke7 {[%clk 0:41:02]} 41. Ke3 {[%clk 0:34:52]} Kd6
{[%clk 0:40:56]} 42. Kd4 {[%clk 0:35:21]} Ke7 {[%clk 0:40:03]} 43. b5
{[%clk 0:35:45]} axb5 {[%clk 0:39:26]} 44. axb5 {[%clk 0:36:13]} Kd7
{[%clk 0:39:32]} 45. Ke5 {[%clk 0:36:36]} Kc7 {[%clk 0:37:15]} 46. Kxe6
{[%clk 0:36:59]} Kb6 {[%clk 0:37:21]} 47. Kxf5 {[%clk 0:37:23]} Kxb5
{[%clk 0:37:31]} 48. Ke6 {[%clk 0:37:50]} Kc5 {[%clk 0:36:47]} 49. f5
{[%clk 0:38:18]} Kd4 {[%clk 0:36:51]} 50. f6 {[%clk 0:38:45]} Ke3
{[%clk 0:36:33]} 51. f7 {[%clk 0:39:13]} Kf2 {[%clk 0:36:56]} 52. f8=Q+
{[%clk 0:39:25]} Kxg2 {[%clk 0:37:12]} 53. Qh6 {[%clk 0:39:37]} Kf3
{[%clk 0:37:20]} 54. Qxh7 {[%clk 0:40:04]} Kf4 {[%clk 0:37:13]} 55. h4
{[%clk 0:40:28]} Ke3 {[%clk 0:37:16]} 56. h5 {[%clk 0:40:55]} Kf4
{[%clk 0:37:14]} 57. h6 {[%clk 0:41:22]} Kf3 {[%clk 0:37:14]} 58. Qf7+
{[%clk 0:41:44]} Ke4 {[%clk 0:37:11]} 59. h7 {[%clk 0:42:12]} Ke3
{[%clk 0:37:15]} 60. h8=Q {[%clk 0:42:37]} Ke4 {[%clk 0:37:25]} 61. Qf5+
{[%clk 0:43:04]} Ke3 {[%clk 0:36:54]} 62. Qhe5+ {[%clk 0:42:25]} Kd2
{[%clk 0:37:05]} 63. Qf2+ {[%clk 0:42:46]} Kd3 {[%clk 0:37:09]} 64. Qed4# 1-0

[Event "EYCC 2024 - O08"]
[Site "?"]
[Date "2024.08.25"]
[Round "4.6"]
[White "Szumiec, Jan"]
[Black "Li, Leon"]
[Result "1-0"]
[BlackElo "1648"]
[WhiteElo "1560"]
[LiveChessVersion "1.4.8"]

1. e4 {[%clk 1:30:39]} e5 {[%clk 1:30:24]} 2. Nf3 {[%clk 1:30:50]} Nc6
{[%clk 1:30:09]} 3. Bb5 {[%clk 1:31:12]} a6 {[%clk 1:29:51]} 4. Ba4
{[%clk 1:31:35]} Nf6 {[%clk 1:29:21]} 5. O-O {[%clk 1:31:45]} b5 {[%clk 1:28:41]}
6. Bb3 {[%clk 1:32:09]} Be7 {[%clk 1:28:02]} 7. Re1 {[%clk 1:30:22]} O-O
{[%clk 1:26:17]} 8. c3 {[%clk 1:28:32]} d6 {[%clk 1:24:02]} 9. h3
{[%clk 1:27:09]} Na5 {[%clk 1:23:08]} 10. Bc2 {[%clk 1:25:13]} c5
{[%clk 1:21:54]} 11. d4 {[%clk 1:19:19]} exd4 {[%clk 1:14:27]} 12. cxd4
{[%clk 1:19:31]} Re8 {[%clk 1:10:36]} 13. Bg5 {[%clk 1:09:58]} Bb7
{[%clk 1:04:37]} 14. Qe2 {[%clk 1:01:15]} Qc7 {[%clk 0:59:38]} 15. e5
{[%clk 0:46:23]} dxe5 {[%clk 0:52:22]} 16. dxe5 {[%clk 0:46:30]} Bxf3
{[%clk 0:51:25]} 17. Qxf3 {[%clk 0:46:20]} Nd7 18. Bxe7 {[%clk 0:42:35]} Rxe7
{[%clk 0:48:55]} 19. Qxa8+ {[%clk 0:43:03]} Nf8 {[%clk 0:48:17]} 20. Nd2
{[%clk 0:40:48]} Rd7 {[%clk 0:40:26]} 21. Nf3 {[%clk 0:40:06]} Qb6
{[%clk 0:39:24]} 22. Rad1 {[%clk 0:37:34]} Ra7 {[%clk 0:38:34]} 23. Qe4
{[%clk 0:35:02]} Nc6 {[%clk 0:37:20]} 24. Rd6 {[%clk 0:33:55]} Rc7
{[%clk 0:37:32]} 25. e6 {[%clk 0:33:41]} fxe6 {[%clk 0:37:37]} 26. Ng5
{[%clk 0:33:17]} g6 {[%clk 0:37:38]} 27. Nxe6 {[%clk 0:33:40]} Re7
{[%clk 0:37:44]} 28. Qxc6 {[%clk 0:33:39]} Qxc6 {[%clk 0:37:58]} 29. Rxc6
{[%clk 0:33:59]} Ra7 {[%clk 0:37:56]} 30. Rc8 {[%clk 0:34:15]} Rf7
{[%clk 0:38:02]} 31. Nxf8 {[%clk 0:33:42]} Rxf8 {[%clk 0:38:17]} 32. Rxf8+
{[%clk 0:34:03]} Kxf8 {[%clk 0:38:40]} 33. Re6 {[%clk 0:34:26]} a5
{[%clk 0:38:56]} 34. Re5 {[%clk 0:34:51]} c4 {[%clk 0:39:08]} 35. Rxb5
{[%clk 0:35:17]} g5 {[%clk 0:38:53]} 36. Rxa5 {[%clk 0:35:36]} Ke7
{[%clk 0:39:15]} 37. a4 {[%clk 0:36:01]} Kd6 {[%clk 0:39:33]} 38. Ra8
{[%clk 0:36:22]} Kc5 {[%clk 0:39:55]} 39. a5 {[%clk 0:36:48]} Kb5
{[%clk 0:39:48]} 40. a6 {[%clk 0:37:10]} Kb6 {[%clk 0:39:56]} 41. Be4
{[%clk 0:37:20]} Kc7 {[%clk 0:40:15]} 42. a7 {[%clk 0:37:41]} Kb6
{[%clk 0:40:38]} 43. g4 {[%clk 0:37:28]} Ka6 {[%clk 0:40:25]} 44. h4
{[%clk 0:37:32]} h6 {[%clk 0:40:30]} 45. Rh8 {[%clk 0:37:38]} Kxa7
{[%clk 0:40:48]} 46. Rxh6 {[%clk 0:38:01]} gxh4 {[%clk 0:40:17]} 47. g5
{[%clk 0:38:30]} h3 {[%clk 0:39:30]} 48. g6 {[%clk 0:38:56]} Kb8 {[%clk 0:39:36]}
49. g7 {[%clk 0:39:20]} Kc7 {[%clk 0:39:55]} 50. g8=Q {[%clk 0:39:38]} Kd7
{[%clk 0:39:49]} 51. Qg7+ {[%clk 0:40:02]} Ke8 {[%clk 0:39:54]} 52. Rh8#
{[%clk 0:40:26]} 1-0

[Event "EYCC 2024 - O08"]
[Site "?"]
[Date "2024.08.25"]
[Round "4.7"]
[White "Vo, Daniel"]
[Black "Huzela, Lukyan"]
[Result "1/2-1/2"]
[BlackElo "1577"]
[WhiteElo "1707"]
[LiveChessVersion "1.4.8"]

1. b3 {[%clk 1:30:58]} e5 {[%clk 1:30:07]} 2. Bb2 {[%clk 1:31:16]} d6
{[%clk 1:30:23]} 3. e3 {[%clk 1:31:04]} g6 {[%clk 1:30:34]} 4. f4
{[%clk 1:31:05]} Bg7 {[%clk 1:30:16]} 5. Nf3 {[%clk 1:30:25]} Nd7
{[%clk 1:27:25]} 6. Bc4 {[%clk 1:27:15]} Qe7 {[%clk 1:25:33]} 7. O-O
{[%clk 1:20:45]} Ngf6 {[%clk 1:23:36]} 8. fxe5 {[%clk 1:15:37]} dxe5
{[%clk 1:19:31]} 9. Ba3 {[%clk 1:12:27]} c5 {[%clk 1:17:17]} 10. d4
{[%clk 1:11:05]} e4 {[%clk 1:16:01]} 11. Ng5 {[%clk 1:07:18]} O-O
{[%clk 1:14:58]} 12. dxc5 {[%clk 1:06:04]} Qe5 {[%clk 1:13:06]} 13. c6
{[%clk 1:03:38]} Qxg5 {[%clk 1:10:27]} 14. cxd7 {[%clk 1:01:28]} Qxe3+
{[%clk 1:10:02]} 15. Kh1 {[%clk 0:57:16]} Bxd7 {[%clk 1:10:11]} 16. Bxf8
{[%clk 0:56:37]} Rxf8 {[%clk 1:10:33]} 17. Na3 {[%clk 0:53:17]} Qc5
{[%clk 1:08:55]} 18. Rb1 {[%clk 0:43:53]} Qxa3 {[%clk 1:05:53]} 19. Rxf6
{[%clk 0:41:56]} Bxf6 {[%clk 1:04:18]} 20. Qxd7 {[%clk 0:39:42]} Qxa2
{[%clk 0:59:11]} 21. Rf1 {[%clk 0:35:45]} Kg7 {[%clk 0:53:38]} 22. Rxf6
{[%clk 0:29:46]} Kxf6 {[%clk 0:53:50]} 23. Qd4+ {[%clk 0:30:00]} Kg5
{[%clk 0:47:46]} 24. Qc5+ {[%clk 0:27:07]} Kf6 {[%clk 0:44:54]} 25. Qd4+
{[%clk 0:25:59]} Kg5 {[%clk 0:44:51]} 26. Qc5+ 1/2-1/2

[Event "EYCC 2024 - O08"]
[Site "?"]
[Date "2024.08.25"]
[Round "4.8"]
[White "Badescu, Matei-Andrei"]
[Black "Rusek, Witold"]
[Result "1-0"]
[BlackElo "1574"]
[WhiteElo "1791"]
[LiveChessVersion "1.4.8"]

1. e4 {[%clk 1:30:58]} c5 {[%clk 1:30:55]} 2. c3 {[%clk 1:31:21]} Nf6
{[%clk 1:31:16]} 3. e5 {[%clk 1:31:44]} Nd5 {[%clk 1:31:35]} 4. d4
{[%clk 1:32:06]} cxd4 {[%clk 1:32:01]} 5. Nf3 {[%clk 1:32:29]} e6
{[%clk 1:32:12]} 6. cxd4 {[%clk 1:32:49]} d6 {[%clk 1:32:36]} 7. Bc4
{[%clk 1:32:56]} Qc7 {[%clk 1:32:12]} 8. Bxd5 {[%clk 1:33:13]} exd5
{[%clk 1:32:31]} 9. Nc3 {[%clk 1:33:34]} Be6 {[%clk 1:27:04]} 10. Bf4
{[%clk 1:32:40]} Qb6 {[%clk 1:18:28]} 11. Qd2 {[%clk 1:32:29]} Nd7
{[%clk 1:12:39]} 12. exd6 {[%clk 1:32:04]} Bxd6 {[%clk 1:09:45]} 13. Bxd6
{[%clk 1:32:22]} Qxd6 {[%clk 1:09:59]} 14. h3 {[%clk 1:32:05]} h6
{[%clk 1:04:55]} 15. O-O {[%clk 1:32:00]} O-O {[%clk 1:01:00]} 16. Rac1
{[%clk 1:31:59]} a6 {[%clk 0:56:02]} 17. Rfe1 {[%clk 1:30:58]} b5
{[%clk 0:50:16]} 18. Ne5 {[%clk 1:30:55]} Nb6 {[%clk 0:38:49]} 19. b3
{[%clk 1:30:10]} Rac8 {[%clk 0:37:42]} 20. Ne2 {[%clk 1:29:23]} b4 21. Nf4
{[%clk 1:28:11]} Bf5 {[%clk 0:34:31]} 22. Ned3 {[%clk 1:27:17]} Bxd3
{[%clk 0:33:46]} 23. Nxd3 {[%clk 1:27:38]} a5 {[%clk 0:32:39]} 24. Rc5
{[%clk 1:26:29]} Qf6 {[%clk 0:29:28]} 25. Rxc8 {[%clk 1:26:16]} Rxc8
{[%clk 0:29:44]} 26. Nc5 {[%clk 1:26:37]} Qd6 {[%clk 0:27:44]} 27. Qd3
{[%clk 1:26:29]} Nd7 {[%clk 0:27:18]} 28. Qf5 {[%clk 1:26:34]} Nb6
{[%clk 0:24:30]} 29. Qe5 {[%clk 1:16:51]} Qxe5 {[%clk 0:23:33]} 30. Rxe5
{[%clk 1:17:06]} Kf8 {[%clk 0:22:58]} 31. g3 {[%clk 1:13:39]} g6 {[%clk 0:18:38]}
32. Kg2 {[%clk 1:13:08]} Kg7 {[%clk 0:18:39]} 33. Re7 {[%clk 1:12:52]} Kf6
{[%clk 0:16:56]} 34. Ra7 {[%clk 1:12:52]} Ra8 {[%clk 0:15:36]} 35. Rxa8
{[%clk 1:12:50]} Nxa8 {[%clk 0:16:01]} 36. Nb7 {[%clk 1:13:08]} Ke7
{[%clk 0:16:00]} 37. Nxa5 {[%clk 1:13:23]} Kd7 {[%clk 0:15:58]} 38. Nb7
{[%clk 1:13:29]} Nc7 {[%clk 0:15:29]} 39. Nc5+ {[%clk 1:13:50]} Kc6
{[%clk 0:15:24]} 40. Nd3 {[%clk 1:13:47]} f6 {[%clk 0:14:09]} 41. Nxb4+
{[%clk 1:13:59]} Kb5 {[%clk 0:14:27]} 42. Nc2 {[%clk 1:14:10]} Na6
{[%clk 0:14:18]} 43. Kf3 {[%clk 1:13:43]} Nc7 {[%clk 0:14:13]} 44. h4
{[%clk 1:13:01]} Ne6 {[%clk 0:14:04]} 45. Ke3 Nd8 {[%clk 0:12:53]} 46. Kf3
{[%clk 1:11:07]} Ne6 {[%clk 0:13:07]} 47. a3 {[%clk 1:10:30]} Ka5
{[%clk 0:13:01]} 48. Ke3 {[%clk 1:10:25]} Kb5 {[%clk 0:13:05]} 49. Nb4
{[%clk 1:10:40]} Nc7 {[%clk 0:13:13]} 50. Nd3 {[%clk 1:09:50]} Ne6
{[%clk 0:13:03]} 51. Nf4 {[%clk 1:10:07]} 1-0

[Event "EYCC 2024 - O08"]
[Site "?"]
[Date "2024.08.25"]
[Round "4.9"]
[White "Mockbel, Abel"]
[Black "Arsenijevic, Matija"]
[Result "0-1"]
[BlackElo "1760"]
[WhiteElo "1574"]
[LiveChessVersion "1.4.8"]

1. e4 {[%clk 1:30:57]} c6 {[%clk 1:30:54]} 2. d4 {[%clk 1:31:20]} d5
{[%clk 1:31:19]} 3. exd5 {[%clk 1:31:42]} cxd5 {[%clk 1:31:43]} 4. Bd3
{[%clk 1:32:04]} Nc6 {[%clk 1:32:04]} 5. c3 {[%clk 1:32:25]} Nf6 {[%clk 1:32:23]}
6. Bf4 {[%clk 1:32:43]} Bg4 {[%clk 1:32:14]} 7. Qb3 {[%clk 1:32:35]} Na5
{[%clk 1:30:17]} 8. Qc2 {[%clk 1:16:55]} Bd7 {[%clk 1:27:12]} 9. Nd2
{[%clk 1:16:16]} e6 {[%clk 1:25:30]} 10. Ngf3 {[%clk 1:15:08]} Be7
{[%clk 1:22:15]} 11. O-O {[%clk 1:14:09]} O-O {[%clk 1:20:25]} 12. Rae1
{[%clk 1:01:26]} Rc8 {[%clk 1:18:28]} 13. Ne5 {[%clk 0:52:31]} Nc6
{[%clk 1:16:00]} 14. Re3 {[%clk 0:50:44]} Nb4 {[%clk 1:10:47]} 15. Qb1
{[%clk 0:47:46]} Nxd3 {[%clk 1:10:46]} 16. Nxd3 {[%clk 0:43:44]} Bb5
{[%clk 1:06:13]} 17. Rfe1 {[%clk 0:41:57]} Bxd3 {[%clk 1:06:06]} 18. Qxd3
{[%clk 0:41:48]} Bd6 {[%clk 1:05:14]} 19. Be5 {[%clk 0:40:45]} Bxe5
{[%clk 1:03:38]} 20. dxe5 {[%clk 0:41:01]} Nd7 {[%clk 1:03:30]} 21. Rh3
{[%clk 0:40:25]} h6 {[%clk 1:02:01]} 22. Ree3 {[%clk 0:35:54]} Nc5
{[%clk 0:58:43]} 23. Qb1 {[%clk 0:34:55]} Kh8 {[%clk 0:57:26]} 24. f4
{[%clk 0:30:09]} d4 {[%clk 0:56:05]} 25. Rxh6+ {[%clk 0:27:23]} gxh6
{[%clk 0:55:51]} 26. Rh3 {[%clk 0:27:45]} d3 {[%clk 0:54:12]} 27. Qd1
{[%clk 0:27:05]} Rg8 {[%clk 0:52:31]} 28. Rxh6+ {[%clk 0:22:25]} Kg7
{[%clk 0:52:24]} 29. Rf6 {[%clk 0:21:58]} Nd7 {[%clk 0:51:35]} 30. Rxf7+
{[%clk 0:21:49]} Kxf7 {[%clk 0:51:26]} 31. Qh5+ {[%clk 0:22:09]} Rg6
{[%clk 0:49:50]} 32. Qh7+ {[%clk 0:22:21]} Rg7 {[%clk 0:50:08]} 33. Qh5+
{[%clk 0:22:23]} Kg8 {[%clk 0:50:26]} 0-1

[Event "EYCC 2024 - O08"]
[Site "?"]
[Date "2024.08.25"]
[Round "4.10"]
[White "Zolotarev, Iaroslav"]
[Black "Ni, Wilhelm Zeyin"]
[Result "1-0"]
[BlackElo "1704"]
[WhiteElo "1569"]
[LiveChessVersion "1.4.8"]

1. d4 d5 {[%clk 1:30:43]} 2. c4 {[%clk 1:31:18]} e6 {[%clk 1:30:54]} 3. Nc3
{[%clk 1:31:33]} Nf6 4. cxd5 {[%clk 1:31:44]} exd5 {[%clk 1:31:16]} 5. Bg5
{[%clk 1:31:36]} Be7 {[%clk 1:31:20]} 6. e3 {[%clk 1:31:24]} Bf5 {[%clk 1:30:06]}
7. Qb3 {[%clk 1:31:01]} Nbd7 {[%clk 1:22:11]} 8. Nxd5 {[%clk 1:15:34]} Nxd5
{[%clk 1:22:03]} 9. Qxd5 {[%clk 1:15:34]} Bxg5 {[%clk 1:21:31]} 10. Qxf5
{[%clk 1:15:11]} O-O {[%clk 1:20:22]} 11. Nf3 {[%clk 1:13:02]} Bf6
{[%clk 1:13:42]} 12. Bd3 {[%clk 1:11:18]} g6 {[%clk 1:13:14]} 13. Qd5
{[%clk 1:09:55]} c6 {[%clk 1:10:35]} 14. Qb3 {[%clk 1:09:51]} Nb6
{[%clk 1:07:17]} 15. O-O {[%clk 1:07:11]} Re8 {[%clk 1:02:23]} 16. Bc4
{[%clk 1:03:55]} Nxc4 {[%clk 0:58:37]} 17. Qxc4 {[%clk 1:03:57]} Qb6
{[%clk 0:56:11]} 18. a4 {[%clk 1:02:10]} Qc7 {[%clk 0:47:41]} 19. Rfe1
{[%clk 1:00:04]} Re7 {[%clk 0:38:33]} 20. e4 {[%clk 0:56:56]} Rae8
{[%clk 0:34:16]} 21. e5 {[%clk 0:56:01]} Bg7 {[%clk 0:33:01]} 22. Nd2
{[%clk 0:48:33]} Kh8 {[%clk 0:24:12]} 23. Ne4 {[%clk 0:42:39]} f6
{[%clk 0:22:32]} 24. f4 {[%clk 0:42:36]} fxe5 {[%clk 0:16:50]} 25. fxe5
{[%clk 0:40:34]} Bxe5 {[%clk 0:14:25]} 26. dxe5 {[%clk 0:39:07]} Rxe5
{[%clk 0:14:48]} 27. Qc3 {[%clk 0:38:21]} Qg7 {[%clk 0:13:52]} 28. Ng3
{[%clk 0:35:16]} Rxe1+ {[%clk 0:13:12]} 29. Rxe1 {[%clk 0:35:33]} 1-0